| 000 | 00610nam a2200217 a 4500 | ||
|---|---|---|---|
| 008 | |||
| 020 | _a0060472332(pbk. ) | ||
| 049 | _aMAIN | ||
| 090 | _aT57.6 WOO | ||
| 100 | _aWoolsey,R.E. | ||
| 245 | _aOperations research for immediate application: a quick and dirty manual | ||
| 260 |
_aNew York: _bHarper and Row, _c1969 |
||
| 300 |
_axvii,202 p. ; _c24 cm. |
||
| 500 | _aIncludes index. | ||
| 650 | _aOperations research. | ||
| 907 |
_a.b10116266 _b16-01-07 _c31-03-04 |
||
| 003 | |||
| 005 | 20230123133649.0 | ||
| 040 | _cNUST | ||
| 942 |
_cBOOKS _kT57.6 WOO |
||
| 999 |
_c152498 _d152498 |
||